| 000 | 00348nam a2200145Ia 4500 | ||
|---|---|---|---|
| 005 | 20250729165730.0 | ||
| 008 | 250729s1900 xx 000 0 und d | ||
| 041 | _aeng | ||
| 082 | _a530.7 SHRP | ||
| 100 |
_aDr.A Shridhar _9231625 |
||
| 245 | _aPhysics | ||
| 260 |
_aMangalore _bBoscoss Publication |
||
| 300 | _a607p | ||
| 650 |
_aScience _9231626 |
||
| 999 |
_c239375 _d239375 |
||